000 00484nam a2200193Ia 4500
005 20260122095436.0
008 260121s9999||||xx |||||||||||||| ||und||
020 _a9783030902131
082 _a572
_bGRO
100 _aGrover, Neena
245 0 _aFundamentals of RNA structure and function /
260 _aSwitzerland :
_bSpringer,
_c2022.
300 _axiii, 246 p.; pbk
650 _aFunction
650 _aFundamentals
650 _aRna
650 _aStructure
942 _cTB
999 _c47760
_d47760